000 00812cam a22002533a 4500
001 8604
003 PGUSA
005 20140828083202.0
008 050801s2005||||xxu|||||s|||||000 | eng d
040 _aPGUSA
_beng
042 _adc
050 4 _aPA
100 1 _aAeschylus,
_d-525--456
245 1 4 _aThe House of Atreus; Being the Agamemnon, the Libation bearers, and the Furies
_h[electronic resource] /
_cAeschylus
260 _bProject Gutenberg,
_c2005
506 _aPublic domain in the USA.
516 _aElectronic text
653 _aOrestes (Greek mythology) -- Drama
653 _aAgamemnon (Greek mythology) -- Drama
700 1 _aMorshead, E. D. A.
_q(Edmund Doidge Anderson),
_d1849-1912
830 0 _aProject Gutenberg
_v8604
856 4 0 _uhttp://www.gutenberg.org/ebooks/8604
942 _cEB
999 _c237904
_d237904